| 000 | 01314nam a2200241Ia 4500 | ||
|---|---|---|---|
| 003 | Ost | ||
| 005 | 20260507074934.0 | ||
| 008 | 260507s9999||||xx |||||||||||||| ||und|| | ||
| 020 | _a978995724763 | ||
| 040 | _cfsecg | ||
| 041 | _aara | ||
| 082 | _a337.1 | ||
| 100 |
_aمطر، موسى سعيد _eمؤلف |
||
| 245 | 0 |
_aالتمويل الدولي / _c موسى سعيد مطر |
|
| 260 |
_aعمان: _bدار صفاء للنشر, _c2008 |
||
| 300 |
_a192 صفحة؛ _bإيضاحات ؛ _c24 سم |
||
| 504 | _aبيبليوغرافيا ص.192 | ||
| 520 | _aيحتوي الكتاب على المحاور التالية:ميزان المدفوعات،العملات الأجنبية،سعر الصرف الأجنبية،تسمية أسعار العملات الأجنبية، أسعار العملات الأجنبية،أوضاع المتعاملين،عمليات التعامل الآجل، تحليل الخيارات، عمليات التبديل أو المقايضة،مراقبة عمليات التعامل،المؤسسات المالية الدولية،الشركات متعددة الجنسيات. | ||
| 653 | _aالاقتصاد الدولي | ||
| 653 | _aالعلاقات النقدية الدولية | ||
| 700 |
_aشقيري، نوري موسى _eمؤلف ثانوي |
||
| 942 | _cكتاب | ||
| 999 |
_c41872 _d41872 |
||